000 01421nam a2200253 a 4500
008 120416s1980 xx |||||||||||||| || u
050 _aHD 1387 Bri
100 _aDavies, Keith
245 1 0 _aModern methods of valuation of land, houses and buildings. (7th ed.)
250 _a7th ed.
260 _c1980
300 _axvii, 605p. : ill.
350 _a0.00
650 _aLAND VALUATION
650 _aLAND
700 _aJohnson, Tony
700 _aBritton, William
995 _aMAIN LIBRARY OPEN ACCESS
_D0.00
_e707284
_FCBU-MAIN LIBRARY (Kitwe)
_H3
_I10.00
_jHD 1387 Bri
_M4
_UAVAILABLE
_y005749
_ZMain Library Open Access Collection
995 _aANNEX COLLECTION (Main Library)
_D0.00
_e707530
_FCBU-MAIN LIBRARY (Kitwe)
_H2
_I10.00
_jHD 1387 Bri
_M3
_UAVAILABLE
_y005750
_ZAnnex Low-Usage Collection
995 _aMAIN LIBRARY OPEN ACCESS
_D0.00
_e707532
_FCBU-MAIN LIBRARY (Kitwe)
_H6
_I10.00
_jHD 1387 Bri
_M6
_ULOST
_y707532
_ZMain Library Open Access Collection
995 _aBINDERY (DAMAGED)
_D0.00
_e707531
_FCBU-MAIN LIBRARY (Kitwe)
_H5
_I10.00
_jHD 1387 Bri
_M5
_UDAMAGED
_y005748
_ZMain Library Open Access Collection
995 _aMAIN LIBRARY OPEN ACCESS
_D0.00
_e708613
_FCBU-MAIN LIBRARY (Kitwe)
_H1
_I10.00
_jHD 1387 Bri
_M2
_UAVAILABLE
_y005751
_ZMain Library Open Access Collection
995 _aBINDERY (DAMAGED)
_D0.00
_e708614
_FCBU-MAIN LIBRARY (Kitwe)
_H4
_I10.00
_jHD 1387 Bri
_M1
_UDAMAGED
_y005752
_ZMain Library Open Access Collection
999 _c77592
_d77592